CODING!!! Quiz Stats

 Plays Quiz not verified by Sporcle

Challenge
Share
Tweet
Embed
Score 0/6 Timer 01:00
0 Plays Today
Scrambled words Unscrambled words % Correct
yspspy
100%
fiamamafia
72.2%
yegacnagency
58.3%
ssemergnemessenger
41.7%
What are the last letters of all the answers?ryyla
22.2%
rentnoiaalintinternational
22.2%

You're not logged in!

Compare scores with friends on all Sporcle quizzes.
OR
Log In

You Might Also Like...

Show Comments

Extras

Created Apr 21, 2011ReportNominate
Tags:Mixed Word Quiz, coding, scramble

Top Quizzes Today


Score Distribution

Your Account Isn't Verified!

In order to create a playlist on Sporcle, you need to verify the email address you used during registration. Go to your Sporcle Settings to finish the process.

Report this User

Report this user for behavior that violates our Community Guidelines.

Details: